| 000 | 00755nam a22001937a 4500 | ||
|---|---|---|---|
| 003 | BD-DhUL | ||
| 005 | 20160906093112.0 | ||
| 008 | 160906s2007 b a|||| |||| 000 0 b d | ||
| 040 |
_cBD-DhUL _dBD-DhUL |
||
| 082 |
_a954.0294 _bHAM |
||
| 100 | 1 | _aহালিম, মুহম্মদ আবদুল | |
| 245 |
_aমুর্শিদাবাদ ও সিরাজ পরিবার / _cমুহম্মদ আবদুল হালিম |
||
| 260 |
_aঢাকা : _bঅনির্বাণ, _c২০০৭ । |
||
| 300 |
_a৬৪ পৃ. : _bচিত্র ; _c২২ সেমি. । |
||
| 365 |
_aBDT _b60.00 |
||
| 650 |
_aমুর্শিদাবাদ _xইতিহাস |
||
| 650 |
_aMurshidabad _xHistory |
||
| 942 |
_2ddc _cBK |
||
| 999 |
_c104335 _d104335 |
||